000 01054nam a2200289Ia 4500
003 OSt
005 20221005110350.0
006 a|||||r|||| 00| 0
007 ta
008 221004b |||||||| |||| 00| 0 hin d
020 _a9789383233397 (hbk)
_cINR 190.00
024 _a41959
037 _bIN-2305, 14/03/2019, Kitab Ghar Prakashan
_cTextual
040 _aCRL
_cCRL
_bhin
041 _2hin
_ahin
082 _aO152,1N34x, Q4
100 _aकेदारनाथ सिंह, ले.
245 0 _aकवि ने कहा
246 _aKavi ne kahā
260 _aनई दिल्ली
_bकिताबघर प्रकाशन भारत
_c2014
300 _a120पृ0
_ccm.
490 _aकवि ने कहा सीरीज
650 _a हिन्दी साहित्य
650 _aहिन्दी कविता
942 _hO152,1N34x, Q4
_cTEXL
_2cc
999 _c1018594
_d1018594